01396nam a2200397 i 450000100060000000300090000600500170001500800410003202000150007304000360008804100130012404600090013708000170014608000100016308000090017310000360018224501280021824600460034626000320039230000300042433600270045433700540048133800280053538000160056338800140057938800140059349000390060750000480064665000490069465000180074365800300076170000430079171000290083483000370086385600980090025297KOSZ 00520221208115951.0961010s1995 pl f f |000 0 pol d a8385366512 cKOSZ 005aKOSZ 005dKOSZ 005/HR1 apolhfre k1995 a658.11-022.5 a005.2 a(07)1 aSainte, Marie Georges deeAutor10aKierowanie małym i średnim przedsiębiorstwem :b10 etapów /cGeorges de Sainte Marie ; przekł. z fr. Marian Egeman. iTyt. oryg.:aDiriger une PME. 10 étapes aWarszawa :bPoltext,c1995. a163 s. :bwykr. ;c25 cm. 2rdacontentaTekstbtxt 2rdamediaaBez urządzenia pośredniczącegobn 2rdacarrieraWoluminbnc aKsiążki a1901-2000 a1989-20001 aFinanse - Zarządzanie - Rozwój aOryg.: "Diriger une PME. 10 étapes" 1992. 9aPrzedsiębiorstwa małe i średnie (MŚP) 4aZarządzanie aZarządzanie i marketing1 aEgeman, Mariand(1940- )eTłumaczenie aWydawnictwo Poltext4pbl aFinanse, Zarządzanie, Rozwój uhttp://koha.tu.koszalin.pl/cgi-bin/koha/opac-detail.pl?biblionumber=25297yKatalog online BPK